Statistics for 10 Most Populated North African Cities

Click here to take the quiz!

General Stats

  • This quiz has been taken 34 times
  • The average score is 7 of 10

Answer Stats

PopAnswer% Correct
7.73 millionCairo
100%
3.81 millionAlexandria
97%
1.98 millionAlgiers
94%
3.14 millionCasablanca
94%
1.15 millionTripoli
88%
1.66 millionRabat
81%
960000Fez
66%
1.97 millionKhartoum
59%
2.44 millionGiza
44%
1.2 millionOmdurman
9%

Score Distribution

Percentile by Number Answered

Percent of People with Each Score

Your Score History

You have not taken this quiz